00499nam a2200193 a 4500001001300000003000900013005001700022008004100039020000900080082001600089100001800105245004800123260003800171300000900209500003500218505001000253650002400263700001800287nice12345678IN_TiNIC20260116013608.0050524s1991 dela grp 000 0 eng  ac7500a297.23bISL aIslam, K Mohd aScene of Death and What Happens After Death aDelhibIslamic Book Servicec1991 a502p aincludes index and biblioraphy2 aIndex aEschatology-Islamic1 aIslam, K Mohd